Influence of age and girth at opening on rubber yield, biochemical and tapping panel dryness parameters of Hevea brasiliensis in determining tapping norms (Record no. 61174)

MARC details
000 -LEADER
fixed length control field 00740nam a2200193Ia 4500
100 ## - MAIN ENTRY--AUTHOR NAME
Personal name Obouayeba S
245 #0 - TITLE STATEMENT
Title Influence of age and girth at opening on rubber yield, biochemical and tapping panel dryness parameters of Hevea brasiliensis in determining tapping norms
260 ## - PUBLICATION, DISTRIBUTION, ETC. (IMPRINT)
Name of publisher IRC 2012. International Rubber Conference, 28-31 October 2012, Kovalam, India, Rubber Research Institute of India, Kottayam and IRRDB, Malaysia: Abstracts. pp.116.
650 ## - SUBJECT ADDED ENTRY--TOPICAL TERM
Topical Term Tapping panel dryness
700 ## - ADDED ENTRY--PERSONAL NAME
Personal name Christophe K
700 ## - ADDED ENTRY--PERSONAL NAME
Personal name Eric S F E
700 ## - ADDED ENTRY--PERSONAL NAME
Personal name Fanlegue C L
700 ## - ADDED ENTRY--PERSONAL NAME
Personal name Modeste K K
700 ## - ADDED ENTRY--PERSONAL NAME
Personal name Nguessan A E B
700 ## - ADDED ENTRY--PERSONAL NAME
Personal name Okoma K M
700 ## - ADDED ENTRY--PERSONAL NAME
Personal name Severin A
942 ## - ADDED ENTRY ELEMENTS (KOHA)
Koha item type Journals
Holdings
Withdrawn status Lost status Damaged status Not for loan Home library Current library Shelving location Date acquired Koha item type
      Journals RRII Library RRII Library Crop harvesting 06/03/2013 Journals